A Magyar Cserkészszövetségek Fóruma Felvidéken tartotta tavaszi gyűlését

Bibliographic Details
Corporate Author: Külföldi Magyar Cserkészszövetség Sajtószolgálata (Author)
Format: Article
Language:Hungarian
PhysicalDescription:Fotogr.
ISSN:1336-0434
Subjects:

MARC

LEADER 00000nab a2200000 ar4500
001 vtls010032002
003 SK-MaSNL
005 20260318122412.0
008 091215c2009 xo |||||||| 000 b|hun
015 |a SNBRB2009/12  |2 snkbucl 
038 |a SNKBUCL 
040 |a DSZK  |b slo  |c DSZK  |e AACR2 
041 0 |a hun 
044 |a xo  |c SK 
080 |a 379.831:061.2  |x (=511.141)  |x (4)  |2 1997 
080 |a 796.03  |2 1997 
080 |a 061.3  |2 1997 
110 2 |a Külföldi Magyar Cserkészszövetség Sajtószolgálata  |4 aut  |9 1530550 
245 0 0 |a A Magyar Cserkészszövetségek Fóruma Felvidéken tartotta tavaszi gyűlését  |c KMCSSZ Sajtószolgálata 
300 |b Fotogr. 
610 2 7 |a Fórum zväzov skautov maďarskej národnosti  |2 snkbucl  |9 1530625 
648 7 |a 9.5.2009  |2 snkbucl  |9 1053043 
648 7 |a 2009  |2 snkbucl  |9 320114 
650 0 7 |a zasadania  |2 snkbucl  |9 284751 
650 0 7 |a skauting  |2 snkbucl  |9 3238 
651 7 |a Plášťovce (Slovensko)  |2 snkbucl  |9 25916 
773 0 |t Cserkész  |g Évf. 19, sz. 6 (2009), o. 2  |x 1336-0434 
852 |a SNK  |b KIS3GCP 
852 |a DSZK  |b KIS3GCP 
958 |a HU 
958 |a SK 
999 |c 3082575  |d 3084505